| 000 | 00630aam a2200229 4500 | ||
|---|---|---|---|
| 005 | 20230929103411.0 | ||
| 008 | 150227b2007 xxu||||| |||| 00| 0 eng d | ||
| 020 | _a99689514 | ||
| 041 | _aESP | ||
| 082 | _a303.44 C331g | ||
| 100 | _aCarvajal Alvarado, Guillermo | ||
| 245 | _aLa globalizacion como historia de nuestro tiempo: sociedad, cultura y economía | ||
| 260 |
_aCosta Rica _bAlma Mater _c2007 |
||
| 300 | _a251 páginas | ||
| 650 | _aGLOBALIZACIÓN | ||
| 650 | _aECONOMÍA | ||
| 650 | _aCAPITALISMO | ||
| 650 | _aHUMANISMO | ||
| 650 | _aDESIGUALDADES | ||
| 650 | _aERA DE LA COMUNICACIÓN | ||
| 942 |
_cBK _2ddc |
||
| 999 |
_c3443 _d3443 |
||